000
00214 a2200097 4500
001
13558
100
_a
Jennings S.I
245
_a
The British commonwealth
260
_a
London
_b
Hutchinson
_c
090
_c
10561
_d
10561
942
_a
NUST-CAE
_c
M
_c
627
999
_c
248631
_d
248631